Central Library OPAC University of Rajshahi

America in crisis : (Record no. 28330)

MARC details
000 -LEADER
fixed length control field 00926nam a2200289 4500
001 - CONTROL NUMBER
control field 28330
003 - CONTROL NUMBER IDENTIFIER
rucl marc code BD-RjUL
005 - DATE AND TIME OF LATEST TRANSACTION
control field 20211209051252.0
008 - FIXED-LENGTH DATA ELEMENTS--GENERAL INFORMATION
fixed length control field 140330s1969 enkac 000 0 eng
020 ## - INTERNATIONAL STANDARD BOOK NUMBER
International Standard Book Number 0718105877
035 ## - SYSTEM CONTROL NUMBER
System control number (BD-RjUL)28411
040 ## - CATALOGING SOURCE
Original cataloging agency DLC
Transcribing agency DLC
Modifying agency DLC
-- BD-RjUL
Language of cataloging eng
041 ## - LANGUAGE CODE
Language code of text/sound track or separate title eng
082 00 - DEWEY DECIMAL CLASSIFICATION NUMBER
Classification number 917.303920
Author mark and year LEA 1969
100 1# - MAIN ENTRY--PERSONAL NAME
Personal name Levitas, Mitchel.
9 (RLIN) 86765
245 10 - TITLE STATEMENT
Title America in crisis :
Remainder of title photographs for Magnum /
Statement of responsibility, etc. Text by Mitchel Levitas; edited by Charles Harbutt and Lee Jones.
260 ## - PUBLICATION, DISTRIBUTION, ETC. (IMPRINT)
Place of publication, distribution, etc. London :
Name of publisher, distributor, etc. Joseph,
Date of publication, distribution, etc. c1969.
300 ## - PHYSICAL DESCRIPTION
Pagination 192 p. (chiefly illus., ports.) ;
Size 31 cm.
500 ## - GENERAL NOTE
General note "A Ridge Press book."
651 #0 - SUBJECT ADDED ENTRY--GEOGRAPHIC NAME
Geographic name United States
General subdivision History
Chronological subdivision 1945-
General subdivision Pictorial works.
9 (RLIN) 86766
700 1# - ADDED ENTRY--PERSONAL NAME
Personal name Harbutt, Charles,
Relator term ed.
Personal name Jones, Lee,
Relator term ed.
710 2# - ADDED ENTRY--CORPORATE NAME
Corporate name or jurisdiction name as entry element Magnum Photos, inc.
9 (RLIN) 86769
942 ## - ADDED ENTRY ELEMENTS (KOHA)
Source of classification or shelving scheme Dewey Decimal Classification
Koha item type Books
Holdings
Lost status Source of classification or shelving scheme Damaged status Not for loan Collection code Permanent Location Current Location Shelving location Date acquired Source of acquisition Cost, normal purchase price Total Checkouts Full call number Date last seen Copy number Koha item type
  Dewey Decimal Classification   Added to bundle Non-fiction Central Library, University of Rajshahi Central Library, University of Rajshahi Reading Room 31/07/1972 Book Center 104.50   917.303920 LEA 1969 30/03/2014 C-1 Books